000 00729nam a2200277Ia 4500
008 171025s9999 xx 000 0 und d
020 _a9781941393260
050 _a920
050 _bR863 2015
100 _aRousey, Ronda
245 _aMy fight, Your fight /
245 _cby Ronda Rousey with Maria Burns Ortiz.
260 _aNew York :
260 _bRegan Arts.,
260 _c2015
300 _axv, 300 pages :
300 _billustrations ;
300 _c23cm.
650 _aMartial arts --
650 _aSelf-actualization (Psychology).
650 _aUFC (Mixed martial arts event).
650 _aWomen martial artists.
650 _xBiography.
700 _aOrtiz, Maria Burns.
700 _aTitle.
999 _c344939
_d344939